|
|
|
|
| LEADER |
00000nas a2200000 4500 |
| 001 |
ssj0000390 |
| 003 |
WaSeSS |
| 005 |
20200512172242.0 |
| 006 |
m d |
| 007 |
cr n |
| 008 |
780828d19781999ctubx p s 0 a0eng c |
| 010 |
|
|
|a 78646610
|z sn 78001382
|
| 016 |
7 |
|
|a 9877944
|2 DNLM
|
| 016 |
7 |
|
|a D01420000
|2 DNLM
|
| 016 |
7 |
|
|a AA00159987
|2 JP-ToKJK
|
| 016 |
|
|
|a (AMICUS)000000787675
|
| 016 |
|
|
|a 000025145667
|2 AU
|
| 022 |
|
|
|l 0162-4105
|y 0162-4105
|
| 030 |
|
|
|a DTBSDQ
|
| 032 |
|
|
|a 442250
|b USPS
|
| 035 |
|
|
|a (WaSeSS)ssj0000390
|
| 040 |
|
|
|a NSD
|b eng
|c NSD
|d DLC
|d OCL
|d NSD
|d DLC
|d NSD
|d NST
|d NSD
|d NST
|d RCS
|d AIP
|d NSD
|d AIP
|d NST
|d AIP
|d NST
|d AIP
|d NST
|d OCL
|d NST
|d NSD
|d NST
|d NSD
|d CAS
|d NST
|d MXC
|d NSD
|d HVL
|d WAU
|d NYG
|d IUL
|d HUL
|d NLM
|d OCLCQ
|d NLGGC
|d LVB
|d NYDWH
|d CUS
|d OCLCQ
|d OCLCF
|d OCLCO
|d OCLCQ
|d OCLCO
|d FC@
|d NLC
|d OCLCQ
|d OCLCO
|d GILDS
|d OCLCO
|d GZM
|d AU@
|d OCLCA
|d CASUM
|d WaSeSS
|
| 042 |
|
|
|a nsdp
|a pcc
|
| 050 |
0 |
0 |
|a Z699.A1
|b D37
|
| 082 |
0 |
4 |
|a 029.7/05
|
| 210 |
0 |
|
|a Database
|b (West.)
|
| 222 |
|
0 |
|a Database
|b (Weston)
|
| 245 |
0 |
0 |
|a Database
|h [electronic resource].
|
| 246 |
1 |
3 |
|a Database magazine
|f 1978-
|
| 260 |
|
|
|a [Weston, CT],
|b [Online]
|
| 310 |
|
|
|a 6 no. a year,
|b 1986-
|
| 321 |
|
|
|a Quarterly
|
| 362 |
0 |
|
|a v. 1-v. 22, no. 3; Sept. 1978-June/July 1999.
|
| 500 |
|
|
|a "The magazine of database reference and review."
|
| 506 |
|
|
|a License restrictions may limit access.
|
| 650 |
|
0 |
|a Information storage and retrieval systems
|v Periodicals.
|
| 650 |
|
0 |
|a Machine-readable bibliographic data
|v Periodicals.
|
| 650 |
|
0 |
|a Information services
|v Periodicals.
|
| 650 |
|
2 |
|a Information Systems.
|
| 650 |
|
2 |
|a Online Systems.
|
| 650 |
|
7 |
|a Information services.
|2 fast
|0 (OCoLC)fst00972696
|
| 650 |
|
7 |
|a Information storage and retrieval systems.
|2 fast
|0 (OCoLC)fst00972781
|
| 650 |
|
7 |
|a Machine-readable bibliographic data.
|2 fast
|0 (OCoLC)fst01004855
|
| 650 |
1 |
7 |
|a Databanken.
|2 gtt
|
| 650 |
|
7 |
|a DATABASES.
|2 unbist
|
| 650 |
|
7 |
|a INFORMATION SYSTEMS.
|2 unbist
|
| 650 |
|
6 |
|a Bases de données
|v Périodiques.
|
| 650 |
|
6 |
|a Index
|v Bibliographie
|v Périodiques.
|
| 650 |
|
6 |
|a Bibliothèques
|x Services de référence
|v Périodiques.
|
| 655 |
|
0 |
|a Electronic journals.
|
| 785 |
0 |
0 |
|t EContent
|x 1525-2531
|w (DLC)sn 99008685
|w (OCoLC)41434167
|
| 850 |
|
|
|a AMAU
|a AU
|a ArU
|a CLU-M
|a CSt-L
|a CStclU
|a CU-Riv
|a CU-RivA
|a CU-SB
|a CU-SM
|a CaAEU
|a CaBVaS
|a CaMWU
|a CaNSHD
|a CaOKQH
|a CaOLU
|a CaOOG
|a CaOPAL
|a CaOTDL
|a CaOWA
|a CoFS
|a CoU
|a CtW
|a CtY-SSE
|a DLC
|a DeU
|a FU
|a GAT
|a IC
|a ICarbS
|a IU-M
|a In
|a InLP
|a InU
|a KMK
|a KyLoU
|a LU
|a MBU-M
|a MH-L
|
| 850 |
|
|
|a MMeT
|a MNS
|a MWelC
|a MdU
|a MdU-H
|a MiDW
|a MnSSC
|a MnU
|a MoKL
|a MoSU
|a MoU
|a MsU
|a N
|a NBC
|a NCH
|a NN
|a NNE
|a NNStJ
|a NRU
|a NjR
|a NmLcU
|a OC
|a OCU
|a OU
|a P
|a PBL
|a PPT
|a PPi
|a PPiC
|a PSt
|a PU
|a RPB
|a TxHMC
|a TxLT
|a TxU
|a ULA
|a UPB
|a ViBlbV
|a ViU-H
|a ViW
|a WU
|
| 856 |
4 |
0 |
|z Full text available from Research Library: 04/01/1988 to 07/31/1999
|u https://search.proquest.com/publication/17460
|